IndyCar 2017 Drivers - Statistics

General Stats
  • This quiz has been taken 121 times
    40 since last reset
  • The average score is 22 of 41
Answer Stats
Team Season Driver % Correct
Team Penske Full Josef Newgarden
94%
Andretti Autosport Full Marco Andretti
94%
Chip Ginassi Racing Full Scott Dixon
94%
Team Penske Full Will Power
94%
Ed Carpenter Racing Partial Ed Carpenter
88%
Rahal Letterman Lanigan Racing Full Graham Rahal
88%
Team Penske Full Helio Castroneves
88%
Chip Ginassi Racing Full Tony Kanaan
88%
Andretti Autosport Full Ryan Hunter-Reay
82%
Andretti Autosport Full Takuma Sato
82%
Schmidt Peterson Motorsports Full James Hinchcliffe
76%
Team Penske Full Simon Pagenaud
76%
Andretti Autosport Full Alexander Rossi
71%
A.J. Foyt Enterprises Full Conor Daly
65%
Andretti Autosport Partial Fernando Alonso
65%
Team Penske Partial Juan Pablo Montoya
65%
Lazier Partners Racing Partial Buddy Lazier
59%
Dale Coyne Racing Full Ed Jones
53%
Dale Coyne Racing Partial Sebastien Bourdais
53%
Chip Ginassi Racing Full Charlie Kimball
47%
Michael Shank Racing Partial Jack Harvey
47%
Schmidt Peterson Motorsports Partial Jack Harvey
47%
Ed Carpenter Racing Full J.R. Hildebrand
47%
Dreyer & Reinbold Racing Partial Sage Karam
47%
A.J. Foyt Enterprises Full Carlos Munoz
41%
Harding Racing Partial Gabby Chaves
41%
Schmidt Peterson Motorsports Partial Mikhail Aleshin
41%
A.J. Foyt Enterprises Partial Zach Veach
41%
Ed Carpenter Racing Partial Zach Veach
41%
Chip Ginassi Racing Full Max Chilton
35%
Dale Coyne Racing Partial Esteban Gutiérrez
24%
Schmidt Peterson Motorsports Partial Jay Howard
24%
Dale Coyne Racing Partial Pippa Mann
24%
Ed Carpenter Racing Partial Spencer Pigot
24%
Juncos Racing Partial Spencer Pigot
24%
Dale Coyne Racing Partial Tristan Vautier
24%
Juncos Racing Partial Sebastián Saavedra
18%
Schmidt Peterson Motorsports Partial Sebastián Saavedra
18%
Rahal Letterman Lanigan Racing Partial Zachary Claman DeMelo
18%
Rahal Letterman Lanigan Racing Partial Oriol Servià
12%
Dale Coyne Racing Partial James Davison
6%
No matching quizzes found
Score Distribution
Percent of People with Each Score
Percentile by Number Answered
Your Score History
You have not taken this quiz since the last reset